000 00704nam a22002657a 4500
001 32548
003 UA-OsUOA
005 20230915120929.0
007 ta
008 20050204b un ||||| |||| 00| 0 ukr d
020 _a966-951990-0-Х
040 _aUA-OsUOA
_bukr
_cUA-OsUOA
_dUA-OsUOA
041 _aukr
044 _aUA
080 _a94(477)
090 _a94(477)
_bЄ-92
100 _aЄфремов С.
245 _aЩоденники, 1923–1929
260 _aКиїв
_bЗАТ "Газета "Рада"
_c1997
300 _a848 с.
_bІлюстрації
650 7 _2UDC
942 _cBK
_2udc
955 _a0
999 _c318993
_d318993